Princíp efektívnosti v správaní trhových subjektov

Definícia ekonomickej efektívnosti v ekonomickej literatúre. Analýza mikroekonomickej efektívnosti. Efektívnosť vo výrobe. Efektívnosť v spotrebe.

Saved in:
Bibliographic Details
Main Author: Ivanová, Eva
Format: Book Chapter
Language:Slovak
Subjects:
Tags: Add Tag
No Tags, Be the first to tag this record!

MARC

LEADER 00000naa$a2200000$$$4500
001 0019073
005 20231005081617.7
041 0 |a slo 
044 |a SK 
245 1 0 |a Princíp efektívnosti v správaní trhových subjektov  |c Eva Ivanová 
520 |a Definícia ekonomickej efektívnosti v ekonomickej literatúre. Analýza mikroekonomickej efektívnosti. Efektívnosť vo výrobe. Efektívnosť v spotrebe. 
610 2 0 |a efektívnosť ekonomická 
610 2 0 |a firmy 
610 2 0 |a zákazníci 
610 2 0 |a spotrebitelia 
610 2 0 |a výroba 
610 2 0 |a analýza ekonomická 
100 1 |a Ivanová, Eva